Relatório apresentado ao Illm. e Exm. Sr. Conselheiro Thomaz José Coelho de Almeida ministro e secretario de Estado dos negócios da agricultura, comércio e obras públicas pelo engenheiro Hermillo Candido da Costa Alves chefe da comissão de estudos: (Registro n. 684)

Detalhes MARC
000 -LÍDER
campo de controle de tamanho fixo 01155nam a22001817a 4500
003 - IDENTIFICADOR DO NÚMERO DE CONTROLE
campo de controle BR-ViAPE
005 - DATA E HORÁRIO DA ÚLTIMA TRANSAÇÃO
campo de controle 20260515124037.0
008 - CAMPO DE DADOS FIXOS--INFORMAÇÃO GERAL
campo de controle de tamanho fixo 260515s1876 por gst|||s000 0 por d
040 ## - FONTE DA CATALOGAÇÃO
Instituição que transcreveu o registro BR-ViAPE
100 ## - ENTRADA PRINCIPAL--NOME PESSOAL
Nome pessoal Alves, Hermillo Candido da Costa
Títulos e outras palavras associadas ao nome Engenheiro Chefe da comissão de estudos
245 ## - TÍTULO
Título Relatório apresentado ao Illm. e Exm. Sr. Conselheiro Thomaz José Coelho de Almeida ministro e secretario de Estado dos negócios da agricultura, comércio e obras públicas pelo engenheiro Hermillo Candido da Costa Alves chefe da comissão de estudos:
Restante do título estrada de ferro da Vitória para Minas
260 ## - PUBLICAÇÃO, DISTRIBUIÇÃO, ETC.
Local de publicação, distribuição, etc. Rio de Janeiro
Nome do editor, distribuidor, etc. Typographia Nacional
Data da publicação, distribuição, etc. 1876
300 ## - DESCRIÇÃO FÍSICA
Extensão 99 p.
Outros detalhes físicos Documento digitalizado (PDF)
500 ## - NOTA GERAL
Nota geral Documento digitalizado do acervo institucional do Arquivo Público do Estado do Espírito Santo - APEES.
650 ## - ASSUNTO--TERMO TÓPICO
Cabeçalho tópico ou nome geográfico Obras públicas
Subdivisão geral Engenharia
-- Estrada de ferro
-- Vitória (ES)
-- Minas Gerais (Brasil)
Subdivisão geográfica Espírito Santo (Brasil)
856 ## - LOCALIZAÇÃO ELETRÔNICA E ACESSO
Uniform Resource Identifier <a href="https://ape.es.gov.br/Media/ape/PDF/Livros/Livros_Historicos/Obras_raras/seculo_XIX/APEES_OR_estrada_de_ferro_relat_1876.pdf">https://ape.es.gov.br/Media/ape/PDF/Livros/Livros_Historicos/Obras_raras/seculo_XIX/APEES_OR_estrada_de_ferro_relat_1876.pdf</a>
Texto de ligação CLIQUE AQUI PARA ACESSAR O DOCUMENTO
942 ## - ELEMENTOS DE ENTRADA ADICIONADOS (KOHA)
Fonte da classificação ou esquema de arquivamento na estante Dewey Decimal Classification
Tipo de material Koha Obras Raras
Ocultar no OPAC Yes
Exemplares
Status de descarte Fonte da classificação ou esquema de arquivamento na estante Status físico Não pode ser emprestado Biblioteca de origem Biblioteca atual Data de aquisição Total de empréstimos Data de último acesso Preço efetivo de Tipo de material Koha
  Dewey Decimal Classification     Biblioteca do Arquivo Público do Estado do Espírito Santo Biblioteca do Arquivo Público do Estado do Espírito Santo 05/15/2026   05/15/2026 05/15/2026 Obras Raras